[Event "DVM U10 2023"]
[Site "Magdeburg GER"]
[Date "2023.12.28"]
[Round "5"]
[White "Roycroft, Joris Brian"]
[Black "Meurer, Knut"]
[Result "1-0"]
[Termination "normal"]
[Board "9.2"]
[WhiteElo "1031"]
[BlackElo "1056"]
[WhiteClock "00:47:42"]
[BlackClock "00:36:33"]
[WhiteTeam "SK Johanneum Eppendorf"]
[BlackTeam "SV Roter Turm Halle"]
[PlyCount "67"]
[BlackFideId "34623604"]
[EventCountry "GER"]
[EventRounds "7"]
[EventType "team-swiss"]
[EventDate "2023.12.27"]

1. e4 {[%clk 00:55:07]} e5 {[%clk 00:55:08]} {[%emt 00:00:05]} 2. Nf3 {[%clk
00:55:08]} {[%emt 00:00:04]} Nc6 {[%clk 00:55:07]} {[%emt 00:00:05]} 3. d4
{[%clk 00:55:10]} {[%emt 00:00:04]} d6 {[%clk 00:55:03]} {[%emt 00:00:09]} 4.
d5 {[%clk 00:55:09]} {[%emt 00:00:06]} Nce7 {[%clk 00:54:51]} {[%emt 00:00:16]}
5. Bd3 {[%clk 00:54:54]} {[%emt 00:00:20]} Bg4 {[%clk 00:54:49]} {[%emt
00:00:07]} 6. Be2 {[%clk 00:54:53]} {[%emt 00:00:07]} Nf6 {[%clk 00:54:47]}
{[%emt 00:00:06]} 7. O-O {[%clk 00:54:47]} {[%emt 00:00:12]} Nxe4 {[%clk
00:54:39]} {[%emt 00:00:13]} 8. Nbd2 {[%clk 00:54:36]} {[%emt 00:00:16]} Nxd2
{[%emt 00:00:42]} 9. Qxd2 {[%emt 00:00:05]} g6 {[%clk 00:52:31]} {[%emt
00:01:25]} 10. b3 {[%clk 00:54:36]} {[%emt 00:00:07]} Bg7 {[%clk 00:52:30]}
{[%emt 00:00:05]} 11. Bb2 {[%clk 00:54:31]} {[%emt 00:00:09]} O-O {[%clk
00:52:25]} {[%emt 00:00:11]} 12. c4 {[%clk 00:54:28]} {[%emt 00:00:09]} Nf5
{[%clk 00:52:12]} {[%emt 00:00:17]} 13. h3 {[%clk 00:54:16]} {[%emt 00:00:16]}
Bxf3 {[%clk 00:51:26]} {[%emt 00:00:50]} 14. Bxf3 {[%clk 00:54:18]} {[%emt
00:00:04]} a6 {[%clk 00:50:13]} {[%emt 00:01:19]} 15. a4 {[%clk 00:53:37]}
{[%emt 00:00:47]} Qd7 {[%clk 00:48:06]} {[%emt 00:02:11]} 16. Be4 {[%clk
00:53:08]} {[%emt 00:00:31]} b5 {[%clk 00:47:20]} {[%emt 00:00:54]} 17. axb5
{[%clk 00:53:02]} {[%emt 00:00:11]} axb5 {[%clk 00:47:15]} {[%emt 00:00:09]}
18. f4 {[%clk 00:52:48]} {[%emt 00:00:19]} exf4 {[%clk 00:45:59]} {[%emt
00:01:21]} 19. Bxg7 {[%clk 00:52:47]} {[%emt 00:00:05]} Nxg7 {[%clk 00:45:49]}
{[%emt 00:00:17]} 20. Qxf4 {[%clk 00:52:34]} {[%emt 00:00:17]} bxc4 {[%clk
00:45:22]} {[%emt 00:00:32]} 21. bxc4 {[%clk 00:52:21]} {[%emt 00:00:18]} Rfe8
{[%clk 00:44:20]} {[%emt 00:01:08]} 22. Bc2 {[%clk 00:51:45]} {[%emt 00:00:40]}
Qc8 {[%clk 00:40:53]} {[%emt 00:03:33]} 23. Qxf7+ {[%clk 00:51:34]} {[%emt
00:00:15]} Kh8 {[%clk 00:40:28]} {[%emt 00:00:30]} 24. Rxa8 {[%emt 00:00:46]}
Qxa8 {[%emt 00:00:18]} 25. Ba4 {[%clk 00:50:28]} {[%emt 00:00:08]} Rd8 {[%clk
00:39:37]} {[%emt 00:00:56]} 26. Qxc7 {[%clk 00:49:10]} {[%emt 00:01:21]} Nf5
{[%clk 00:39:03]} {[%emt 00:00:40]} 27. Bc6 {[%clk 00:48:48]} {[%emt 00:00:28]}
Qc8 {[%clk 00:38:24]} {[%emt 00:00:42]} 28. Qxc8 {[%clk 00:48:35]} {[%emt
00:00:19]} Rxc8 {[%clk 00:38:23]} {[%emt 00:00:07]} 29. Bd7 {[%clk 00:48:27]}
{[%emt 00:00:13]} Rf8 {[%clk 00:37:54]} {[%emt 00:00:33]} 30. g4 {[%clk
00:47:59]} {[%emt 00:00:33]} Rf7 {[%clk 00:37:27]} {[%emt 00:00:33]} 31. Be6
{[%clk 00:47:51]} {[%emt 00:00:13]} Rf8 {[%clk 00:37:02]} {[%emt 00:00:27]} 32.
gxf5 {[%clk 00:47:51]} {[%emt 00:00:07]} gxf5 {[%clk 00:36:54]} {[%emt
00:00:13]} 33. Rxf5 {[%clk 00:47:52]} {[%emt 00:00:04]} Rb8 {[%clk 00:36:33]}
{[%emt 00:00:25]} 34. Rg5 {[%clk 00:47:42]} {[%emt 00:00:17]} 1-0

[Event "DVM U10 2023"]
[Site "Magdeburg GER"]
[Date "2023.12.28"]
[Round "5"]
[White "Ma, Yan"]
[Black "Suryaprakash, Smrithi"]
[Result "1-0"]
[Termination "normal"]
[Board "10.1"]
[WhiteElo "1353"]
[BlackElo "1318"]
[WhiteClock "00:29:19"]
[BlackClock "00:00:09"]
[WhiteTeam "SV Dresden-Leuben"]
[BlackTeam "SF München"]
[PlyCount "91"]
[BlackFideId "34637826"]
[EventCountry "GER"]
[EventRounds "7"]
[EventType "team-swiss"]
[EventDate "2023.12.27"]

1. e4 {[%clk 00:55:09]} d5 {[%clk 00:55:03]} {[%emt 00:00:08]} 2. exd5 {[%clk
00:55:07]} {[%emt 00:00:07]} Nf6 {[%clk 00:55:00]} {[%emt 00:00:07]} 3. c4
{[%clk 00:54:57]} {[%emt 00:00:15]} c6 {[%clk 00:54:51]} {[%emt 00:00:14]} 4.
Nc3 {[%clk 00:54:43]} {[%emt 00:00:20]} cxd5 {[%clk 00:54:45]} {[%emt
00:00:11]} 5. cxd5 {[%clk 00:54:31]} {[%emt 00:00:16]} Nxd5 {[%clk 00:54:40]}
{[%emt 00:00:10]} 6. Nf3 {[%clk 00:54:16]} {[%emt 00:00:20]} Nc6 {[%clk
00:53:15]} {[%emt 00:01:30]} 7. Bc4 {[%clk 00:53:57]} {[%emt 00:00:25]} Nb6
{[%clk 00:52:16]} {[%emt 00:01:04]} 8. Bb3 {[%clk 00:53:27]} {[%emt 00:00:35]}
Bg4 {[%clk 00:52:03]} {[%emt 00:00:17]} 9. h3 {[%clk 00:53:08]} {[%emt
00:00:24]} Bh5 {[%clk 00:51:04]} {[%emt 00:01:04]} 10. d3 {[%clk 00:51:37]}
{[%emt 00:01:36]} Nd4 {[%clk 00:50:27]} {[%emt 00:00:42]} 11. Ne5 {[%clk
00:44:25]} {[%emt 00:07:17]} Nxb3 {[%clk 00:48:21]} {[%emt 00:02:11]} 12. Qxb3
{[%clk 00:44:09]} {[%emt 00:00:21]} e6 {[%clk 00:42:02]} {[%emt 00:06:24]} 13.
Qb5+ {[%clk 00:43:14]} {[%emt 00:01:00]} Nd7 {[%clk 00:41:44]} {[%emt
00:00:23]} 14. Nxd7 {[%clk 00:43:06]} {[%emt 00:00:12]} Qxd7 {[%clk 00:41:42]}
{[%emt 00:00:09]} 15. Qxh5 {[%clk 00:42:52]} {[%emt 00:00:19]} Qxd3 {[%clk
00:40:58]} {[%emt 00:00:47]} 16. Qe2 {[%clk 00:42:44]} {[%emt 00:00:14]} Qxe2+
{[%clk 00:40:27]} {[%emt 00:00:36]} 17. Kxe2 {[%clk 00:42:21]} {[%emt
00:00:29]} Bb4 {[%clk 00:35:32]} {[%emt 00:04:59]} 18. Bd2 {[%clk 00:41:39]}
{[%emt 00:00:47]} O-O-O {[%emt 00:00:15]} 19. Rac1 {[%clk 00:41:07]} {[%emt
00:00:36]} Kb8 {[%clk 00:33:48]} {[%emt 00:01:41]} 20. Bf4+ {[%clk 00:40:30]}
{[%emt 00:00:42]} Bd6 {[%clk 00:33:01]} {[%emt 00:00:52]} 21. Bxd6+ {[%clk
00:40:24]} {[%emt 00:00:11]} Rxd6 {[%clk 00:32:57]} {[%emt 00:00:09]} 22. Rhd1
{[%clk 00:40:05]} {[%emt 00:00:23]} Rb6 {[%clk 00:30:39]} {[%emt 00:02:23]} 23.
b3 {[%clk 00:39:23]} {[%emt 00:00:48]} a6 {[%clk 00:24:03]} {[%emt 00:05:26]}
24. Rd7 {[%clk 00:39:06]} {[%emt 00:01:36]} Rc8 {[%clk 00:22:48]} {[%emt
00:01:20]} 25. Na4 {[%clk 00:34:58]} {[%emt 00:04:14]} Rxc1 {[%clk 00:20:51]}
{[%emt 00:02:03]} 26. Nxb6 {[%clk 00:34:56]} {[%emt 00:00:06]} Rc2+ {[%clk
00:20:48]} {[%emt 00:00:08]} 27. Rd2 {[%clk 00:34:53]} {[%emt 00:00:08]} Rxd2+
{[%clk 00:20:00]} {[%emt 00:00:53]} 28. Kxd2 {[%clk 00:34:50]} {[%emt
00:00:07]} Kc7 {[%clk 00:20:00]} {[%emt 00:00:06]} 29. Nc4 {[%clk 00:34:27]}
{[%emt 00:00:28]} f6 {[%clk 00:19:50]} {[%emt 00:00:14]} 30. Kd3 {[%clk
00:34:17]} {[%emt 00:00:16]} Kc6 {[%clk 00:17:49]} {[%emt 00:02:04]} 31. a3
{[%clk 00:33:58]} {[%emt 00:00:25]} b5 {[%clk 00:17:21]} {[%emt 00:00:32]} 32.
Ne3 {[%clk 00:33:51]} {[%emt 00:00:13]} h5 {[%clk 00:14:25]} {[%emt 00:03:00]}
33. h4 {[%clk 00:33:18]} {[%emt 00:00:39]} f5 {[%clk 00:13:38]} {[%emt
00:00:52]} 34. Nc2 {[%clk 00:33:05]} {[%emt 00:00:19]} Kc5 {[%clk 00:11:42]}
{[%emt 00:02:01]} 35. Nd4 {[%clk 00:32:51]} {[%emt 00:00:18]} Kd5 {[%clk
00:11:10]} {[%emt 00:00:37]} 36. f3 {[%clk 00:32:38]} {[%emt 00:00:18]} f4
{[%clk 00:10:07]} {[%emt 00:01:09]} 37. b4 {[%clk 00:31:57]} {[%emt 00:00:46]}
g6 {[%clk 00:09:28]} {[%emt 00:00:43]} 38. Nb3 {[%clk 00:31:26]} {[%emt
00:00:37]} e5 {[%clk 00:08:33]} {[%emt 00:00:59]} 39. Na5 {[%clk 00:31:19]}
{[%emt 00:00:11]} Kd6 {[%clk 00:06:05]} {[%emt 00:02:34]} 40. Ke4 {[%clk
00:31:04]} {[%emt 00:00:20]} Ke6 {[%clk 00:05:16]} {[%emt 00:00:54]} 41. Nc6
{[%clk 00:30:57]} {[%emt 00:00:13]} Kd6 {[%clk 00:04:45]} {[%emt 00:00:35]} 42.
Nxe5 {[%clk 00:30:48]} {[%emt 00:00:14]} g5 {[%clk 00:01:00]} {[%emt 00:03:51]}
43. hxg5 {[%clk 00:29:53]} {[%emt 00:01:00]} Ke7 {[%clk 00:00:26]} {[%emt
00:00:38]} 44. g6 {[%clk 00:29:31]} {[%emt 00:00:28]} Kf6 {[%clk 00:00:10]}
{[%emt 00:00:21]} 45. Kxf4 {[%clk 00:29:25]} {[%emt 00:00:11]} h4 {[%clk
00:00:09]} {[%emt 00:00:06]} 46. Kg4 {[%clk 00:29:19]} {[%emt 00:00:11]} 1-0

[Event "DVM U10 2023"]
[Site "Magdeburg GER"]
[Date "2023.12.28"]
[Round "5"]
[White "Weiß, Jonas"]
[Black "Poladli, Firuz"]
[Result "1/2-1/2"]
[Termination "normal"]
[Board "10.2"]
[WhiteElo "1167"]
[BlackElo "1030"]
[WhiteClock "00:35:46"]
[BlackClock "00:15:37"]
[WhiteTeam "SF München"]
[BlackTeam "SV Dresden-Leuben"]
[PlyCount "69"]
[WhiteFideId "34637168"]
[EventCountry "GER"]
[EventRounds "7"]
[EventType "team-swiss"]
[EventDate "2023.12.27"]

1. e4 {[%clk 00:55:09]} e5 {[%clk 00:55:05]} {[%emt 00:00:16]} 2. Nf3 {[%clk
00:55:11]} Nc6 {[%clk 00:55:05]} 3. Bc4 {[%clk 00:55:11]} Bc5 {[%clk 00:55:05]}
4. c3 {[%clk 00:55:12]} {[%emt 00:00:20]} Nf6 {[%clk 00:55:08]} 5. d4 {[%clk
00:55:14]} {[%emt 00:00:06]} exd4 {[%clk 00:55:11]} 6. cxd4 {[%clk 00:55:11]}
{[%emt 00:00:10]} Bb4+ {[%clk 00:54:53]} 7. Nc3 {[%clk 00:55:07]} {[%emt
00:00:32]} Nxe4 {[%clk 00:54:13]} 8. O-O {[%clk 00:55:06]} {[%emt 00:00:51]}
Nxc3 {[%clk 00:53:51]} 9. bxc3 {[%clk 00:55:05]} {[%emt 00:00:34]} Bxc3 {[%clk
00:53:29]} 10. Ba3 {[%clk 00:55:06]} {[%emt 00:00:31]} d5 {[%clk 00:52:16]} 11.
Rc1 {[%clk 00:51:43]} {[%emt 00:04:46]} Bb4 {[%clk 00:51:20]} 12. Bxb4 {[%clk
00:51:24]} {[%emt 00:01:24]} Nxb4 {[%clk 00:50:53]} {[%emt 00:00:31]} 13. Qe1+
{[%clk 00:51:28]} {[%emt 00:00:03]} Qe7 {[%clk 00:50:04]} {[%emt 00:00:53]} 14.
Qxe7+ {[%clk 00:49:53]} {[%emt 00:01:40]} Kxe7 {[%clk 00:50:03]} {[%emt
00:00:07]} 15. Bb3 {[%clk 00:49:03]} {[%emt 00:00:54]} Be6 {[%clk 00:48:00]}
{[%emt 00:02:04]} 16. Rxc7+ {[%clk 00:48:59]} {[%emt 00:00:13]} Kd6 {[%clk
00:46:58]} {[%emt 00:01:07]} 17. Rxb7 {[%clk 00:48:19]} {[%emt 00:00:46]} Nc6
{[%clk 00:46:20]} {[%emt 00:00:43]} 18. Rc1 {[%clk 00:47:27]} {[%emt 00:00:57]}
h6 {[%clk 00:42:50]} {[%emt 00:03:35]} 19. Ba4 {[%clk 00:47:13]} {[%emt
00:00:19]} Rac8 {[%clk 00:42:21]} {[%emt 00:00:30]} 20. Rxc6+ {[%clk 00:45:49]}
{[%emt 00:01:32]} Rxc6 {[%clk 00:41:55]} {[%emt 00:00:32]} 21. Bxc6 {[%clk
00:45:46]} {[%emt 00:00:08]} Kxc6 {[%clk 00:41:53]} {[%emt 00:00:06]} 22. Rxa7
{[%clk 00:45:41]} {[%emt 00:00:11]} Rb8 {[%clk 00:40:22]} {[%emt 00:01:32]} 23.
Kf1 {[%clk 00:45:15]} {[%emt 00:00:34]} Rb1+ {[%clk 00:34:09]} {[%emt
00:06:14]} 24. Ke2 {[%clk 00:45:10]} {[%emt 00:00:14]} Ra1 {[%clk 00:33:59]}
{[%emt 00:00:15]} 25. Kd3 {[%clk 00:43:50]} {[%emt 00:01:25]} Kb6 {[%clk
00:33:52]} {[%emt 00:00:11]} 26. Ra8 {[%clk 00:43:20]} {[%emt 00:00:36]} Kb7
{[%clk 00:33:31]} {[%emt 00:00:24]} 27. Ra4 {[%clk 00:43:03]} {[%emt 00:00:23]}
Bf5+ {[%clk 00:28:10]} {[%emt 00:05:27]} 28. Kc3 {[%clk 00:42:16]} {[%emt
00:00:51]} Kb8 {[%clk 00:21:10]} {[%emt 00:06:52]} 29. Rb4+ {[%clk 00:38:30]}
{[%emt 00:04:05]} Kc7 {[%clk 00:21:01]} {[%emt 00:00:11]} 30. a4 {[%clk
00:36:46]} {[%emt 00:01:54]} Bd7 {[%clk 00:20:30]} {[%emt 00:00:29]} 31. Kb3
{[%clk 00:36:17]} {[%emt 00:00:38]} Rb1+ {[%clk 00:18:53]} {[%emt 00:01:41]}
32. Ka3 {[%clk 00:35:51]} {[%emt 00:00:33]} Ra1+ {[%clk 00:17:54]} {[%emt
00:01:02]} 33. Kb3 {[%clk 00:35:49]} {[%emt 00:00:09]} Rb1+ {[%clk 00:16:08]}
{[%emt 00:01:50]} 34. Ka3 {[%clk 00:35:46]} {[%emt 00:00:09]} Ra1+ {[%clk
00:15:37]} {[%emt 00:00:36]} 35. Kb3 1/2-1/2

[Event "DVM U10 2023"]
[Site "Magdeburg GER"]
[Date "2023.12.28"]
[Round "5"]
[White "Naumann, Julian"]
[Black "Mandziuk, Varvara"]
[Result "0-1"]
[Termination "normal"]
[Board "10.3"]
[WhiteElo "1021"]
[BlackElo "1136"]
[WhiteClock "00:40:39"]
[BlackClock "00:38:11"]
[WhiteTeam "SV Dresden-Leuben"]
[BlackTeam "SF München"]
[PlyCount "86"]
[BlackFideId "34638016"]
[EventCountry "GER"]
[EventRounds "7"]
[EventType "team-swiss"]
[EventDate "2023.12.27"]

1. e4 {[%clk 00:55:09]} e5 {[%clk 00:55:04]} {[%emt 00:00:06]} 2. Nf3 {[%clk
00:55:11]} {[%emt 00:00:04]} Nc6 {[%clk 00:55:03]} {[%emt 00:00:06]} 3. Bc4
{[%clk 00:55:10]} {[%emt 00:00:06]} Bc5 {[%clk 00:55:02]} {[%emt 00:00:06]} 4.
d3 {[%clk 00:55:07]} {[%emt 00:00:08]} Nf6 {[%clk 00:54:44]} {[%emt 00:00:23]}
5. Bg5 {[%clk 00:55:02]} O-O {[%clk 00:54:40]} {[%emt 00:00:18]} 6. Nc3 {[%clk
00:55:04]} d6 {[%clk 00:54:37]} {[%emt 00:00:12]} 7. Nd5 {[%clk 00:54:44]} Bg4
{[%clk 00:53:50]} {[%emt 00:01:16]} 8. Nxf6+ {[%clk 00:54:14]} gxf6 {[%clk
00:53:43]} {[%emt 00:00:48]} 9. Be3 {[%clk 00:53:58]} Bd4 {[%clk 00:52:59]}
{[%emt 00:01:11]} 10. c3 {[%clk 00:53:31]} {[%emt 00:00:31]} Bb6 {[%clk
00:52:45]} {[%emt 00:00:19]} 11. h3 {[%clk 00:53:19]} {[%emt 00:00:16]} Be6
{[%clk 00:51:41]} {[%emt 00:01:09]} 12. Qb3 {[%clk 00:52:57]} {[%emt 00:00:27]}
Na5 {[%clk 00:51:01]} {[%emt 00:00:46]} 13. Qb4 {[%clk 00:52:07]} {[%emt
00:00:55]} Nxc4 {[%clk 00:50:48]} {[%emt 00:00:18]} 14. dxc4 {[%clk 00:51:59]}
{[%emt 00:00:12]} Bxe3 {[%clk 00:50:20]} {[%emt 00:00:34]} 15. fxe3 {[%clk
00:51:55]} {[%emt 00:00:08]} Rb8 {[%clk 00:50:16]} {[%emt 00:00:10]} 16. O-O-O
{[%clk 00:51:56]} {[%emt 00:00:03]} Re8 {[%clk 00:48:38]} {[%emt 00:01:44]} 17.
Rdg1 {[%clk 00:51:48]} {[%emt 00:00:13]} Kf8 {[%clk 00:48:17]} {[%emt
00:00:26]} 18. g4 {[%emt 00:01:11]} Ke7 {[%clk 00:48:00]} {[%emt 00:01:19]} 19.
g5 {[%clk 00:51:35]} {[%emt 00:00:08]} Kd7 {[%clk 00:47:25]} {[%emt 00:00:39]}
20. Qa4+ {[%clk 00:51:17]} {[%emt 00:00:24]} Kc8 {[%clk 00:47:05]} {[%emt
00:00:24]} 21. Qxa7 {[%clk 00:51:09]} {[%emt 00:00:13]} Bxc4 {[%clk 00:46:46]}
{[%emt 00:00:24]} 22. Ne1 {[%clk 00:48:52]} {[%emt 00:02:22]} fxg5 {[%clk
00:46:13]} {[%emt 00:00:39]} 23. Rg3 {[%clk 00:48:36]} {[%emt 00:00:20]} Rg8
{[%clk 00:46:04]} {[%emt 00:00:14]} 24. Rhg1 {[%clk 00:48:35]} {[%emt
00:00:06]} h6 {[%clk 00:45:05]} {[%emt 00:01:05]} 25. h4 {[%clk 00:48:29]}
{[%emt 00:00:10]} Kd7 {[%clk 00:44:14]} {[%emt 00:00:55]} 26. Qa4+ {[%clk
00:48:17]} {[%emt 00:00:19]} b5 {[%clk 00:44:10]} {[%emt 00:00:08]} 27. Qb4
{[%clk 00:47:43]} {[%emt 00:00:39]} Bxa2 {[%clk 00:42:46]} {[%emt 00:01:28]}
28. Nf3 {[%clk 00:47:30]} {[%emt 00:00:16]} Bc4 {[%clk 00:41:44]} {[%emt
00:01:11]} 29. hxg5 {[%clk 00:47:20]} {[%emt 00:00:14]} hxg5 {[%clk 00:40:58]}
{[%emt 00:00:51]} 30. Nxg5 {[%clk 00:47:04]} {[%emt 00:00:21]} Ra8 {[%clk
00:40:57]} {[%emt 00:00:07]} 31. Nf3 {[%clk 00:46:13]} {[%emt 00:00:55]} Rxg3
{[%clk 00:40:38]} {[%emt 00:00:24]} 32. Rxg3 {[%clk 00:45:54]} {[%emt
00:00:25]} Ra4 {[%clk 00:40:36]} {[%emt 00:00:05]} 33. Qxa4 {[%clk 00:44:16]}
{[%emt 00:01:45]} bxa4 {[%clk 00:40:32]} {[%emt 00:00:09]} 34. Rg1 {[%clk
00:44:15]} {[%emt 00:00:06]} Qf6 {[%clk 00:40:06]} {[%emt 00:00:31]} 35. Nd2
{[%clk 00:43:47]} {[%emt 00:00:31]} Bb3 {[%clk 00:39:49]} {[%emt 00:00:23]} 36.
Nxb3 {[%clk 00:43:17]} {[%emt 00:00:36]} axb3 {[%clk 00:39:45]} {[%emt
00:00:08]} 37. Rd1 {[%clk 00:43:14]} {[%emt 00:00:04]} Qf3 {[%clk 00:39:38]}
{[%emt 00:00:15]} 38. Rd3 {[%clk 00:41:25]} {[%emt 00:01:55]} Qf1+ {[%clk
00:39:03]} {[%emt 00:00:41]} 39. Kd2 {[%clk 00:41:22]} {[%emt 00:00:07]} Qf2+
{[%clk 00:38:51]} {[%emt 00:00:17]} 40. Kd1 {[%clk 00:41:11]} {[%emt 00:00:16]}
Qc2+ {[%clk 00:38:37]} {[%emt 00:00:20]} 41. Ke1 {[%clk 00:41:04]} {[%emt
00:00:12]} Qxd3 {[%clk 00:38:33]} {[%emt 00:00:08]} 42. c4 {[%clk 00:40:54]}
{[%emt 00:00:15]} Qxe3+ {[%clk 00:38:29]} {[%emt 00:00:09]} 43. Kf1 {[%clk
00:40:39]} {[%emt 00:00:20]} Qc1+ {[%clk 00:38:11]} {[%emt 00:00:23]} 0-1

[Event "DVM U10 2023"]
[Site "Magdeburg GER"]
[Date "2023.12.28"]
[Round "5"]
[White "Povetkin, Vsevolod"]
[Black "Karpowitz, Luc"]
[Result "1-0"]
[Termination "normal"]
[Board "10.4"]
[WhiteElo "1016"]
[BlackElo "1061"]
[WhiteClock "00:46:28"]
[BlackClock "00:37:31"]
[WhiteTeam "SF München"]
[BlackTeam "SV Dresden-Leuben"]
[PlyCount "31"]
[WhiteFideId "34676988"]
[EventCountry "GER"]
[EventRounds "7"]
[EventType "team-swiss"]
[EventDate "2023.12.27"]

1. e4 {[%clk 00:55:02]} {[%emt 00:00:05]} e5 {[%clk 00:55:09]} {[%emt
00:00:04]} 2. Nf3 {[%clk 00:54:49]} {[%emt 00:00:18]} Nc6 {[%clk 00:55:04]}
{[%emt 00:00:11]} 3. Bb5 {[%clk 00:54:46]} {[%emt 00:00:08]} Bd6 {[%clk
00:54:34]} {[%emt 00:00:34]} 4. Nc3 {[%clk 00:54:38]} {[%emt 00:00:12]} a6
{[%clk 00:54:14]} {[%emt 00:00:26]} 5. Bxc6 {[%clk 00:54:23]} {[%emt 00:00:19]}
dxc6 {[%clk 00:54:10]} {[%emt 00:00:10]} 6. O-O {[%clk 00:54:05]} {[%emt
00:00:23]} f5 {[%clk 00:54:03]} {[%emt 00:00:12]} 7. exf5 {[%clk 00:53:35]}
{[%emt 00:00:35]} Bxf5 {[%clk 00:53:58]} {[%emt 00:00:09]} 8. d3 {[%clk
00:53:18]} {[%emt 00:00:22]} Qe7 {[%clk 00:53:33]} {[%emt 00:00:30]} 9. Re1
{[%clk 00:53:09]} {[%emt 00:00:14]} Rd8 {[%clk 00:52:55]} {[%emt 00:00:44]} 10.
Bd2 {[%clk 00:52:44]} {[%emt 00:00:30]} Qf7 {[%clk 00:52:03]} {[%emt 00:00:56]}
11. d4 {[%clk 00:52:08]} {[%emt 00:00:43]} Bg4 {[%clk 00:42:57]} {[%emt
00:09:08]} 12. Bg5 {[%clk 00:49:54]} {[%emt 00:02:20]} Rd7 {[%clk 00:41:54]}
{[%emt 00:01:09]} 13. Qe2 {[%clk 00:48:15]} {[%emt 00:01:44]} Kf8 {[%clk
00:41:19]} {[%emt 00:00:39]} 14. dxe5 {[%clk 00:47:02]} {[%emt 00:01:19]} Qf5
{[%clk 00:37:31]} {[%emt 00:03:53]} 15. exd6 {[%clk 00:46:28]} {[%emt
00:00:38]} Qxg5 {[%emt 00:00:30]} 16. Qe8# {[%clk 00:46:28]} {[%emt 00:00:13]}
1-0